State,society and ecology : (Record no. 84462)

MARC details
000 -LEADER
fixed length control field 00658nam a22002057a 4500
005 - DATE AND TIME OF LATEST TRANSACTION
control field 20140731111641.0
010 ## - LCCN (DPL NO)
LC control number ENG-110061
020 ## - INTERNATIONAL STANDARD BOOK NUMBER
International Standard Book Number 9789380607603
Terms of availability 995.00
035 ## - SYSTEM CONTROL NUMBER
System control number EN-93594
037 ## - SOURCE OF ACQUISITION
Source of stock number/acquisition DBAD/PUB
082 ## - DEWEY DECIMAL CLASSIFICATION NUMBER
Classification number 954.2
100 ## - MAIN ENTRY--PERSONAL NAME
Personal name Bhargava, Meena
245 ## - TITLE STATEMENT
Title State,society and ecology :
Statement of responsibility, etc by Meena Bhargava
Remainder of title Gorakhpur in transition, 1750-1830 /
260 ## - PUBLICATION, DISTRIBUTION, ETC. (IMPRINT)
Place of publication, distribution, etc Delhi
Name of publisher, distributor, etc Primus Books
Date of publication, distribution, etc 2014
270 ## - ADDRESS
Address Virat Bhavan, Mukherjee Nagar Commercial Complex
City Delhi
Postal code 110009
300 ## - PHYSICAL DESCRIPTION
Extent xxv,223p. :
Other physical details maps
Dimensions 24cm(Hb)
500 ## - GENERAL NOTE
General note Includes bibliographical references and index
700 ## - ADDED ENTRY--PERSONAL NAME
Personal name
942 ## - ADDED ENTRY ELEMENTS (KOHA)
Source of classification or shelving scheme Dewey Decimal Classification
Item type English Books
Call number suffix BHA
Classification part 954.2
Holdings
Withdrawn status Lost status Not for loan Collection code Home library Current library Date acquired Source of acquisition Cost, normal purchase price Full call number Barcode Copy number Cost, replacement price Koha item type
    Not For Loan Non-fiction D.B.Act.Division D.B.Act.Division 22/05/2014 DBAD/PUB 995.00 954.2 BHA EN-93594 1 995.00 English Books

© Delhi Public Library
Hit Counter
free hit counter